Countries of the World in Order From the Most to the Least Guessed - Statistics

General Stats
  • This quiz has been taken 48 times
    21 since last reset
  • The average score is 67 of 196
Answers on the Map
Answers color-coded by a green-red scale on the quiz's map according to % correct below.
 
Answer Stats
% Country % Correct
96 C Canada
100%
94 C China
100%
94 F France
100%
95 R Russia
100%
97 U United States
100%
93 B Brazil
90%
87 E Egypt
90%
92 G Germany
90%
91 I India
90%
92 I Italy
90%
91 J Japan
90%
94 M Mexico
90%
92 S Spain
90%
94 U United Kingdom
90%
93 A Australia
80%
82 D Denmark
80%
84 F Finland
80%
87 I Iceland
80%
82 I Iran
80%
79 I Iraq
80%
87 I Ireland
80%
85 N Norway
80%
87 P Portugal
80%
79 U Ukraine
80%
83 G Greece
70%
85 N North Korea
70%
83 P Poland
70%
85 S South Korea
70%
86 S Sweden
70%
84 T Turkey
70%
87 A Argentina
60%
86 S South Africa
60%
72 A Afghanistan
50%
86 C Chile
50%
71 I Israel
50%
69 K Kazakhstan
50%
76 M Mongolia
50%
82 N New Zealand
50%
61 O Oman
50%
77 P Pakistan
50%
78 P Peru
50%
74 S Saudi Arabia
50%
73 T Thailand
50%
72 V Vietnam
50%
47 Z Zambia
50%
55 Z Zimbabwe
50%
75 A Austria
40%
76 B Belgium
40%
75 C Colombia
40%
77 C Cuba
40%
74 I Indonesia
40%
61 J Jamaica
40%
58 J Jordan
40%
27 K Kiribati
40%
42 K Kyrgyzstan
40%
78 M Madagascar
40%
29 M Marshall Islands
40%
73 M Morocco
40%
26 N Nauru
40%
77 N Netherlands
40%
76 N Niger
40%
27 P Palau
40%
68 P Panama
40%
53 Q Qatar
40%
68 R Romania
40%
31 S Solomon Islands
40%
78 S Switzerland
40%
29 T Tuvalu
40%
69 U Uruguay
40%
28 V Vanuatu
40%
54 V Vatican City
40%
63 Y Yemen
40%
57 B Bangladesh
30%
62 B Belarus
30%
32 B Brunei
30%
31 B Burundi
30%
26 C Comoros
30%
68 D Democratic Republic of the Congo
30%
35 D Djibouti
30%
31 E East Timor
30%
61 E Ecuador
30%
32 E Equatorial Guinea
30%
39 E Eritrea
30%
63 E Estonia
30%
47 F Fiji
30%
27 G Grenada
30%
30 G Guinea-Bissau
30%
54 H Honduras
30%
67 H Hungary
30%
46 K Kosovo
30%
44 K Kuwait
30%
62 L Latvia
30%
62 L Libya
30%
62 L Lithuania
30%
25 S São Tomé and Príncipe
30%
32 T Tonga
30%
63 U United Arab Emirates
30%
67 V Venezuela
30%
61 A Albania
20%
66 A Algeria
20%
30 A Antigua and Barbuda
20%
50 A Armenia
20%
36 B Benin
20%
67 B Bolivia
20%
57 B Bosnia and Herzegovina
20%
60 B Bulgaria
20%
32 C Cape Verde
20%
61 C Chad
20%
66 C Croatia
20%
53 C Cyprus
20%
64 C Czech Republic
20%
59 D Dominica
20%
54 D Dominican Republic
20%
37 E Eswatini
20%
60 E Ethiopia
20%
33 F Federated States of Micronesia
20%
35 G Gambia
20%
54 G Georgia
20%
53 G Ghana
20%
52 G Guatemala
20%
47 G Guinea
20%
60 H Haiti
20%
47 I Ivory Coast
20%
60 K Kenya
20%
49 L Lebanon
20%
40 L Lesotho
20%
44 L Liechtenstein
20%
60 M Malaysia
20%
49 M Malta
20%
37 M Mauritania
20%
64 N Nepal
20%
68 N Nigeria
20%
60 P Papua New Guinea
20%
66 P Paraguay
20%
67 P Philippines
20%
66 R Republic of the Congo
20%
30 S Saint Kitts and Nevis
20%
27 S Saint Vincent and the Grenadines
20%
32 S Samoa
20%
59 S Serbia
20%
48 S Singapore
20%
63 S Slovakia
20%
58 S Slovenia
20%
61 S Somalia
20%
66 S Sudan
20%
62 S Syria
20%
58 T Taiwan
20%
42 T Tajikistan
20%
42 T Togo
20%
38 T Trinidad and Tobago
20%
47 U Uganda
20%
56 U Uzbekistan
20%
48 A Andorra
10%
50 A Angola
10%
48 A Azerbaijan
10%
51 B Bahamas
10%
37 B Bahrain
10%
38 B Barbados
10%
47 B Belize
10%
46 B Bhutan
10%
45 B Botswana
10%
32 B Burkina Faso
10%
57 C Cambodia
10%
42 C Cameroon
10%
45 C Central African Republic
10%
56 C Costa Rica
10%
48 E El Salvador
10%
34 G Gabon
10%
46 G Guyana
10%
58 L Laos
10%
42 L Liberia
10%
58 L Luxembourg
10%
35 M Malawi
10%
52 M Mali
10%
34 M Mauritius
10%
48 M Moldova
10%
47 M Monaco
10%
47 M Montenegro
10%
53 M Myanmar
10%
44 N Namibia
10%
48 N Nicaragua
10%
52 N North Macedonia
10%
42 R Rwanda
10%
40 S San Marino
10%
43 S Senegal
10%
34 S Sierra Leone
10%
53 S South Sudan
10%
60 S Sri Lanka
10%
44 S Suriname
10%
46 T Tanzania
10%
56 T Tunisia
10%
51 T Turkmenistan
10%
40 M Maldives
0%
43 M Mozambique
0%
32 S Saint Lucia
0%
33 S Seychelles
0%
No matching quizzes found
Score Distribution
Percent of People with Each Score
Percentile by Number Answered
Your Score History
You have not taken this quiz since the last reset